000 01296cam a22003617a 4500
003 CHAP
005 20220329142418.0
008 001207d1998 us r 00110 ing d
010 _a83100
011 _a84072
020 _a0792380320
035 _a94591
040 _cCHAP
082 0 4 _a325.2
_bS9
111 0 0 _aSymposium on Internal Migration and Urbanization in Developing Countries
_c(1996: New York, N.Y.)
_9111031
245 1 0 _aMigration, urbanization, adn developments :
_bnew directions and issues
_c/ed.by Richard E. Bilsborrow.
260 _aMassachusetts, USA :
_bKluwer Academic Publishers,
_c1998.
300 _a531p. :
_bgráfs.; cuads.
590 _aBATCH-UPD
_b10
_c20130110
_lUCH01
_h0555
590 _aBATCH-UPD
_b10
_c20130110
_lUCH01
_h2342
590 _aBATCH-UPD
_b10
_c20130410
_lUCH01
_h0236
590 _aBATCH-UPD
_b10
_c20130914
_lUCH01
_h1259
590 _aCONVERSION
_b10
_c20130109
_lUCH01
_h1346
650 1 4 _aEmigración e inmigración.
_936517
650 1 4 _aMigración interna.
_975603
650 1 4 _aTrabajadores migratorios.
_9114475
650 1 4 _aUrbanismo.
_9116824
700 0 _aBilsborrow, Richard E.
_912691
901 _aBK
905 _aEdna Luz
942 _cLIBRO
949 _a325.2 S9
_bBC
_cLIBRO
_d33724000808473
_eLIBRO
_h99232
_i94591
_si
_t$1,300.00
999 _c83100
_d83100